[Event "FIN-chT2 Gp2"]
[White "Koivumaki, Marko"]
[Black "Keto Tokoi, Markko"]
[Site "Finland"]
[Round "4.4"]
[Result "0-1"]
[Date "2023.02.11"]
[WhiteElo "1752"]
[BlackElo "1914"]
[PlyCount "82"]
[EventDate "2022.09.24"]
[EventType "team-tourn"]
[EventRounds "5"]
[EventCountry "FIN"]
[SourceTitle "EXT 2025"]
[Source "ChessBase"]
[SourceDate "2024.10.14"]
[SourceVersion "1"]
[SourceVersionDate "2024.10.14"]
[SourceQuality "1"]
[WhiteTeam "Loimaa SK"]
[BlackTeam "Turku AS"]
[WhiteTeamCountry "FIN"]
[BlackTeamCountry "FIN"]

1. c4 Nf6 2. Nc3 g6 3. Nf3 Bg7 4. g3 0-0 5. Bg2 d6 6. 0-0 e5 7. d4 Nbd7 8. h3 Re8 9. Bd2 exd4 10. Nxd4 Nc5 11. e3 Nfe4 12. Qc2 Nxd2 13. Qxd2 h5 14. b4 Nd7 15. Rac1 a5 16. a3 axb4 17. axb4 Ne5 18. Nd5 c5 19. bxc5 dxc5 20. Nb5 Bxh3 21. f4 Bxg2 22. Kxg2 Ng4 23. Rf3 Re4 24. Qc2 f5 25. Qb3 Qa5 26. Rc2 Qe1 27. Rf1 Nxe3+ 28. Nxe3 Qxe3 29. Qxe3 Rxe3 30. Rd1 Ra4 31. Rd5 Rb4 32. Rxc5 Rbb3 33. Rc8+ Kh7 34. Nd6 Rxg3+ 35. Kh2 Rh3+ 36. Kg2 Rbg3+ 37. Kf2 Bd4+ 38. Ke1 Re3+ 39. Kd2 Rh2+ 40. Kd1 Rd3+ 41. Kc1 Rh1# 0-1

[Event "FIN-chT2 Gp2"]
[White "Ranki, Martti"]
[Black "Koivumaki, Marko"]
[Site "Finland"]
[Round "3.4"]
[Result "1/2-1/2"]
[Date "2023.01.14"]
[WhiteElo "1861"]
[BlackElo "1752"]
[PlyCount "51"]
[EventDate "2022.09.24"]
[EventType "team-tourn"]
[EventRounds "5"]
[EventCountry "FIN"]
[SourceTitle "EXT 2025"]
[Source "ChessBase"]
[SourceDate "2024.10.14"]
[SourceVersion "1"]
[SourceVersionDate "2024.10.14"]
[SourceQuality "1"]
[WhiteTeam "Turku TSY"]
[BlackTeam "Loimaa SK"]
[WhiteTeamCountry "FIN"]
[BlackTeamCountry "FIN"]

1. d4 d6 2. c4 Nf6 3. Nf3 Nbd7 4. Nc3 e5 5. e3 Be7 6. Be2 c6 7. 0-0 0-0 8. b3 Re8 9. Qc2 Qc7 10. Bb2 b6 11. Rac1 Bb7 12. Rfe1 Rac8 13. e4 exd4 14. Nxd4 d5 15. cxd5 cxd5 16. exd5 Qf4 17. Qd3 Nc5 18. Qe3 Qxe3 19. fxe3 Nxd5 20. Nxd5 Bxd5 21. Nf5 Bf8 22. Bd4 g6 23. Nh4 Ne6 24. Bf6 Nc5 25. Bd4 Ne6 26. Bf6 1/2-1/2

[Event "FIN-chT2 Gp2"]
[White "Totterstrom, Raino"]
[Black "Koivumaki, Marko"]
[Site "Finland"]
[Round "2.3"]
[Result "1/2-1/2"]
[Date "2022.11.12"]
[WhiteElo "1810"]
[BlackElo "1752"]
[PlyCount "82"]
[EventDate "2022.09.24"]
[EventType "team-tourn"]
[EventRounds "5"]
[EventCountry "FIN"]
[SourceTitle "EXT 2025"]
[Source "ChessBase"]
[SourceDate "2024.10.14"]
[SourceVersion "1"]
[SourceVersionDate "2024.10.14"]
[SourceQuality "1"]
[WhiteTeam "Salo SalSK II"]
[BlackTeam "Loimaa SK"]
[WhiteTeamCountry "FIN"]
[BlackTeamCountry "FIN"]

1. e4 d5 2. exd5 Nf6 3. Nc3 Nxd5 4. Nxd5 Qxd5 5. Qf3 Qxf3 6. Nxf3 Bf5 7. Nd4 Bg6 8. f4 e6 9. d3 Bc5 10. Nb3 Bb6 11. Bd2 Nc6 12. a3 0-0-0 13. 0-0-0 e5 14. fxe5 Nxe5 15. Be2 Rhe8 16. Rhf1 f6 17. Bf4 Kb8 18. Rde1 Nc6 19. Bf3 Nd4 20. Nxd4 Bxd4 21. Rxe8 Rxe8 22. Kd2 Be5 23. Bxe5 Rxe5 24. d4 Re7 25. c4 c6 26. d5 cxd5 27. Bxd5 Bh5 28. Rf2 Kc7 29. Kd3 b6 30. b4 Kd6 31. Kd4 Re2 32. Rxe2 Bxe2 33. Bg8 Bf1 34. g3 h5 35. c5+ bxc5+ 36. bxc5+ Kc7 37. Bf7 Be2 38. Bg6 Bf3 39. Ke3 Bd1 40. Kd4 Bf3 41. Ke3 Bd1 1/2-1/2

[Event "FIN-chT2 Gp2"]
[White "Koivumaki, Marko"]
[Black "Tanni, Johanna"]
[Site "Finland"]
[Round "1.5"]
[Result "1-0"]
[Date "2022.09.24"]
[WhiteElo "1752"]
[BlackElo "1632"]
[PlyCount "78"]
[EventDate "2022.09.24"]
[EventType "team-tourn"]
[EventRounds "5"]
[EventCountry "FIN"]
[SourceTitle "EXT 2025"]
[Source "ChessBase"]
[SourceDate "2024.10.14"]
[SourceVersion "1"]
[SourceVersionDate "2024.10.14"]
[SourceQuality "1"]
[WhiteTeam "Loimaa SK"]
[BlackTeam "Sastamala VammSK II"]
[WhiteTeamCountry "FIN"]
[BlackTeamCountry "FIN"]

1. c4 e5 2. Nc3 c5 3. Nf3 d6 4. e3 Nc6 5. d4 exd4 6. exd4 Bg4 7. d5 Bxf3 8. Qxf3 Ne5 9. Qe3 Qe7 10. f4 Ng4 11. Qxe7+ Bxe7 12. g3 f5 13. Bd3 g6 14. h3 N4f6 15. Be3 h5 16. Kd2 Kf7 17. Rae1 a6 18. Bf2 Re8 19. Re6 Nd7 20. Rhe1 Nh6 21. a3 Nf8 22. R6e2 g5 23. Bxc5 Ng6 24. fxg5 Bxg5+ 25. Be3 Bxe3+ 26. Rxe3 Rxe3 27. Rxe3 Ne5 28. Ne2 Rc8 29. b3 h4 30. gxh4 Rg8 31. Nf4 b6 32. Ne6 Rg2+ 33. Kc3 Kf6 34. b4 Rf2 35. c5 bxc5 36. bxc5 f4 37. Re4 Nxd3 38. Kxd3 Rf3+ 39. Kc4 dxc5 1-0

[Event "Tampere TammerSh Spring op-B"]
[White "Koivumaki, Marko"]
[Black "Helanti, Jaakko"]
[Site "Tampere"]
[Round "3"]
[Result "0-1"]
[Date "2019.04.21"]
[WhiteElo "1822"]
[BlackElo "1876"]
[PlyCount "40"]
[EventDate "2019.04.20"]
[EventType "swiss"]
[EventRounds "4"]
[EventCountry "FIN"]
[SourceTitle "EXT 2021"]
[Source "ChessBase"]
[SourceDate "2020.10.23"]
[SourceVersion "1"]
[SourceVersionDate "2020.10.23"]
[SourceQuality "1"]

1. c4 Nf6 2. Nc3 e5 3. Nf3 Nc6 4. e3 Bb4 5. Nd5 Bc5 6. a3 a5 7. Nxe5 Nxe5 8. d4 d6 9. dxe5 dxe5 10. Be2 c6 11. Nxf6+ Qxf6 12. 0-0 0-0 13. Bd2 Qg6 14. Bh5 Qe6 15. b4 Bd6 16. c5 Bc7 17. Qc2 e4 18. Be2 axb4 19. axb4 Rxa1 20. Rxa1 Qe5 0-1

[Event "FIN-chT2 Gp3 1819"]
[White "Koivistoinen, Timo"]
[Black "Koivumaki, Marko"]
[Site "Finland"]
[Round "5.5"]
[Result "1/2-1/2"]
[Date "2019.01.12"]
[WhiteElo "1910"]
[BlackElo "1822"]
[PlyCount "74"]
[EventDate "2018.09.15"]
[EventType "team-tourn"]
[EventRounds "6"]
[EventCountry "FIN"]
[SourceTitle "EXT 2020"]
[Source "ChessBase"]
[SourceDate "2019.10.17"]
[SourceVersion "1"]
[SourceVersionDate "2019.10.17"]
[SourceQuality "1"]
[WhiteTeam "Vantaa Gambitti II"]
[BlackTeam "Loimaa SK"]
[WhiteTeamCountry "FIN"]
[BlackTeamCountry "FIN"]

1. e4 d6 2. d4 Nd7 3. Bd3 e5 4. c3 Ngf6 5. f4 Be7 6. Nf3 exf4 7. Bxf4 c6 8. Nbd2 Nf8 9. 0-0 Ng6 10. Bg3 0-0 11. e5 dxe5 12. Nxe5 c5 13. Ndf3 Be6 14. Ng5 Nxe5 15. Nxe6 fxe6 16. dxe5 Ne8 17. Qc2 g6 18. Bc4 Nc7 19. Rxf8+ Bxf8 20. Qb3 Qc8 21. a4 b6 22. Rd1 Qe8 23. Bh4 Qc6 24. Bd8 Kh8 25. Bxc7 Qxc7 26. Re1 Bg7 27. Bxe6 Bxe5 28. h3 Re8 29. Qd5 Bh2+ 30. Kh1 Qd6 31. Qf3 Rf8 32. Qe2 Bg3 33. Rd1 Rf2 34. Qg4 Qf4 35. Qxf4 Rxf4 36. Bd7 Re4 37. Kg1 Re1+ 1/2-1/2

[Event "Naantali Avoin op"]
[White "Torvi, Markku"]
[Black "Koivumaki, Marko"]
[Site "Naantali"]
[Round "8"]
[Result "0-1"]
[Date "2016.07.09"]
[WhiteElo "1813"]
[BlackElo "1818"]
[PlyCount "104"]
[EventDate "2016.07.04"]
[EventType "swiss"]
[EventRounds "9"]
[EventCountry "FIN"]
[SourceTitle "EXT 2017"]
[Source "ChessBase"]
[SourceDate "2016.10.25"]
[SourceVersion "1"]
[SourceVersionDate "2016.10.25"]
[SourceQuality "1"]

1. e4 d6 2. d4 Nf6 3. Bd3 e5 4. Ne2 g6 5. 0-0 Bg7 6. dxe5 dxe5 7. b3 0-0 8. Bb2 Nbd7 9. Nd2 b6 10. f3 Qe7 11. a4 Nc5 12. Ba3 Rd8 13. Nc4 Bb7 14. Nc3 Bf8 15. Qe2 Qe8 16. Rfd1 Nxd3 17. Rxd3 Bxa3 18. Nxa3 Rxd3 19. Qxd3 Rd8 20. Qc4 c6 21. Qe2 Rd4 22. Rd1 Qd8 23. Kf2 Kg7 24. Nab1 Ba6 25. Qe1 Ne8 26. Nd2 Qh4+ 27. Ke3 Qxh2 28. Kf2 Qh4+ 29. Ke3 Qg5+ 30. Kf2 Nf6 31. Ne2 Qh4+ 32. Ke3 Qh6+ 33. Kf2 Bxe2 34. Qxe2 Qh4+ 35. Kg1 Nh5 36. Nf1 Nf4 37. Qe1 Qg5 38. Rd2 h5 39. Ne3 Rxd2 40. Qxd2 Nxg2 41. Qxg2 Qxe3+ 42. Kh2 Qf4+ 43. Kh3 g5 44. Qe2 h4 45. Qg2 Kf6 46. Qg4 Qxg4+ 47. Kxg4 Kg6 48. c3 Kf6 49. Kh3 Ke6 50. Kg4 f6 51. c4 a5 52. Kh3 Kd6 0-1

[Event "Naantali Avoin op"]
[White "Koivumaki, Marko"]
[Black "Patola, Eero"]
[Site "Naantali"]
[Round "4"]
[Result "0-1"]
[Date "2016.07.06"]
[WhiteElo "1818"]
[BlackElo "1901"]
[PlyCount "50"]
[EventDate "2016.07.04"]
[EventType "swiss"]
[EventRounds "9"]
[EventCountry "FIN"]
[SourceTitle "EXT 2017"]
[Source "ChessBase"]
[SourceDate "2016.10.25"]
[SourceVersion "1"]
[SourceVersionDate "2016.10.25"]
[SourceQuality "1"]

1. c4 f5 2. Nc3 Nf6 3. g3 g6 4. Bg2 Bg7 5. e3 d6 6. Nge2 c6 7. d4 0-0 8. 0-0 Qe8 9. d5 c5 10. Bd2 Na6 11. Nb5 Bd7 12. a4 Ne4 13. Bc1 Qf7 14. f3 Nf6 15. Bd2 g5 16. Nec3 Qg6 17. Qe2 Nb4 18. Rac1 a6 19. Na3 Rae8 20. b3 Nh5 21. e4 f4 22. Be1 fxg3 23. hxg3 Bd4+ 24. Kh2 Nf4 25. gxf4 Qh5+ 0-1

[Event "Naantali Avoin op"]
[White "Smeds, Tom"]
[Black "Koivumaki, Marko"]
[Site "Naantali"]
[Round "3"]
[Result "1-0"]
[Date "2016.07.05"]
[WhiteElo "1886"]
[BlackElo "1818"]
[PlyCount "73"]
[EventDate "2016.07.04"]
[EventType "swiss"]
[EventRounds "9"]
[EventCountry "FIN"]
[SourceTitle "EXT 2017"]
[Source "ChessBase"]
[SourceDate "2016.10.25"]
[SourceVersion "1"]
[SourceVersionDate "2016.10.25"]
[SourceQuality "1"]

1. b3 d6 2. Bb2 e5 3. e3 Nc6 4. d4 exd4 5. exd4 d5 6. Nf3 Bb4+ 7. c3 Bd6 8. Be2 Nge7 9. 0-0 0-0 10. c4 Bf4 11. Nc3 Be6 12. Re1 Qd7 13. Bf1 Rad8 14. Ne2 Bh6 15. Ng3 Nf5 16. c5 Nxg3 17. hxg3 Bf5 18. Bb5 Bg4 19. Bc1 Bxc1 20. Rxc1 f6 21. Qd2 Qc8 22. Bxc6 bxc6 23. Qa5 Qb7 24. Re7 Rf7 25. Re3 Kf8 26. Rce1 Bd7 27. b4 Re8 28. Rxe8+ Bxe8 29. Re3 Re7 30. Ra3 Bg6 31. Qxa7 Qxb4 32. Rb3 Qc4 33. Rb8+ Kf7 34. Qa8 Be4 35. Rf8+ Kg6 36. Nh4+ Kh6 37. Qd8 1-0

[Event "Naantali op"]
[White "Mashiri, Arthur1"]
[Black "Koivumaki, Marko"]
[Site "Naantali"]
[Round "3"]
[Result "1/2-1/2"]
[Date "2015.06.30"]
[WhiteElo "1972"]
[BlackElo "1803"]
[PlyCount "53"]
[EventDate "2015.06.29"]
[EventType "swiss"]
[EventRounds "9"]
[EventCountry "FIN"]
[SourceTitle "EXT 2016"]
[Source "ChessBase"]
[SourceDate "2015.10.08"]
[SourceVersion "1"]
[SourceVersionDate "2015.10.08"]
[SourceQuality "1"]

1. d4 Nf6 2. c4 d6 3. Nc3 Nbd7 4. g3 e5 5. Nf3 c6 6. Bg2 Be7 7. dxe5 Nxe5 8. Nxe5 dxe5 9. Qxd8+ Bxd8 10. b3 Bf5 11. h3 Ba5 12. Bd2 0-0-0 13. Rc1 h6 14. a3 Bb6 15. g4 Bg6 16. Be3 Bxe3 17. fxe3 Rd7 18. b4 Kb8 19. a4 a6 20. a5 Rhd8 21. Na4 e4 22. Nc5 Rd2 23. Kf2 Rb2 24. Rhd1 Rxd1 25. Rxd1 Kc7 26. Rd4 Rxb4 27. Kg3 1/2-1/2

[Event "FIN-chT1 West 1314"]
[White "Perho, Aki"]
[Black "Koivumaki, Marko"]
[Site "Finland"]
[Round "5.6"]
[Result "1/2-1/2"]
[Date "2014.01.11"]
[WhiteElo "1897"]
[BlackElo "1848"]
[PlyCount "107"]
[EventDate "2013.09.21"]
[EventType "team-tourn"]
[EventRounds "9"]
[EventCountry "FIN"]
[SourceTitle "EXT 2022"]
[Source "ChessBase"]
[SourceDate "2021.10.06"]
[SourceVersion "1"]
[SourceVersionDate "2021.10.06"]
[SourceQuality "1"]
[WhiteTeam "Pori PSY"]
[BlackTeam "Loimaa SK"]
[WhiteTeamCountry "FIN"]
[BlackTeamCountry "FIN"]

1. d4 c5 2. d5 e5 3. e4 d6 4. Nc3 Be7 5. Nf3 Bg4 6. Be2 a6 7. a4 Bxf3 8. Bxf3 Bg5 9. Bxg5 Qxg5 10. a5 Nd7 11. Qd2 Qxd2+ 12. Kxd2 Ne7 13. h4 0-0 14. h5 h6 15. Rh3 Kh8 16. Ra3 Rfd8 17. Rb3 Rab8 18. Be2 f5 19. f3 Nf6 20. g4 fxe4 21. fxe4 Nh7 22. Rf3 Ng5 23. Rf1 Ng8 24. Rf5 Ne7 25. Rf1 Ng8 26. Ke3 Nf6 27. Rb6 Ngxe4 28. Rd1 Nxc3 29. bxc3 Kg8 30. c4 Kf7 31. g5 hxg5 32. Rg1 g4 33. Bxg4 Nxg4+ 34. Rxg4 Rd7 35. Rg6 Rbd8 36. Ke4 Kf8 37. Kf5 Rf7+ 38. Ke6 Re7+ 39. Kf5 Rf7+ 40. Ke4 Rfd7 41. h6 gxh6 42. Rxh6 Kg7 43. Re6 Kf7 44. Kf5 Kg7 45. Rg6+ Kf7 46. Rb3 Rf8 47. Rf6+ Ke7 48. Rxf8 Kxf8 49. Ke6 Ke8 50. Rh3 Kd8 51. Rh8+ Kc7 52. Kf6 Rd8 53. Rh7+ Rd7 54. Rh8 1/2-1/2

[Event "FIN-chT1 West 1213"]
[White "Tuominen, Tanja"]
[Black "Koivumaki, Marko"]
[Site "Finland"]
[Round "2.8"]
[Result "1-0"]
[Date "2012.10.27"]
[WhiteElo "2121"]
[BlackElo "1855"]
[PlyCount "79"]
[EventDate "2012.09.29"]
[EventType "team-tourn"]
[EventRounds "7"]
[EventCountry "FIN"]
[SourceTitle "EXT 2019"]
[Source "ChessBase"]
[SourceDate "2018.10.10"]
[SourceVersion "1"]
[SourceVersionDate "2018.10.10"]
[SourceQuality "1"]
[WhiteTeam "Turku TuTS"]
[BlackTeam "Loimaa SK"]
[WhiteTeamCountry "FIN"]
[BlackTeamCountry "FIN"]

1. e4 d5 2. exd5 Nf6 3. c4 e6 4. d4 exd5 5. Nc3 Bb4 6. Bd3 0-0 7. Nge2 Be6 8. Nf4 Re8 9. 0-0 Bxc3 10. bxc3 dxc4 11. Nxe6 Rxe6 12. Bxc4 Re7 13. Bg5 Nbd7 14. Rb1 Rb8 15. Qf3 c6 16. Bf4 Nb6 17. Bxb8 Nxc4 18. Bf4 Nd5 19. Rfe1 b5 20. Rxe7 Qxe7 21. a4 a6 22. axb5 axb5 23. Ra1 g5 24. Bg3 Kg7 25. h4 Nd2 26. Qd3 Nc4 27. hxg5 Qxg5 28. Re1 Qd2 29. Qe4 Qxc3 30. Be5+ f6 31. Bg3 Qd2 32. Qg4+ Kf7 33. Qe6+ Kg7 34. Re4 h5 35. Qd7+ Kh6 36. Qxc6 Ncb6 37. Bf4+ Nxf4 38. Qxf6+ Ng6 39. Re6 Qd3 40. Rxb6 1-0

[Event "Naantali op"]
[White "Koivumaki, Marko"]
[Black "Ruotanen, Helge"]
[Site "Naantali"]
[Round "6"]
[Result "1/2-1/2"]
[Date "2012.07.05"]
[WhiteElo "1856"]
[BlackElo "1971"]
[PlyCount "74"]
[EventDate "2012.07.02"]
[EventType "swiss"]
[EventRounds "9"]
[EventCountry "FIN"]
[SourceTitle "CBM 149 Extra"]
[Source "ChessBase"]
[SourceDate "2012.08.24"]
[SourceVersion "1"]
[SourceVersionDate "2012.08.24"]
[SourceQuality "1"]

1. c4 g6 2. Nc3 Bg7 3. g3 Nc6 4. Bg2 e5 5. Nf3 f5 6. d3 Nf6 7. 0-0 d6 8. e4 fxe4 9. dxe4 0-0 10. h3 h6 11. Be3 b6 12. Qd2 Kh7 13. Ne1 Be6 14. b3 Qd7 15. Kh2 Rf7 16. Rd1 Raf8 17. Nd3 Nh5 18. Qe2 Nf4 19. gxf4 exf4 20. Nxf4 Be5 21. Kh1 Bxf4 22. Bxf4 Rxf4 23. Rd3 Ne5 24. Rg3 c6 25. Qe3 h5 26. Ne2 R4f6 27. f4 Nf7 28. Nd4 Nh6 29. Nxe6 Qxe6 30. Qd2 h4 31. Rd3 g5 32. e5 dxe5 33. Rd7+ R8f7 34. Rxf7+ Qxf7 35. Qd3+ Kg7 36. fxe5 Rxf1+ 37. Bxf1 c5 1/2-1/2

[Event "Naantali op"]
[White "Tolonen, Jouko"]
[Black "Koivumaki, Marko"]
[Site "Naantali"]
[Round "4"]
[Result "0-1"]
[Date "2012.07.04"]
[WhiteElo "1539"]
[BlackElo "1856"]
[PlyCount "64"]
[EventDate "2012.07.02"]
[EventType "swiss"]
[EventRounds "9"]
[EventCountry "FIN"]
[SourceTitle "CBM 149 Extra"]
[Source "ChessBase"]
[SourceDate "2012.08.24"]
[SourceVersion "1"]
[SourceVersionDate "2012.08.24"]
[SourceQuality "1"]

1. d4 Nf6 2. c4 c5 3. d5 e6 4. Nc3 exd5 5. cxd5 d6 6. e4 g6 7. Nge2 Bg7 8. g3 0-0 9. Bg2 Re8 10. 0-0 b5 11. Qc2 b4 12. Nd1 a5 13. Ne3 Ba6 14. Nc4 Bxc4 15. Qxc4 Qb6 16. h3 Nbd7 17. g4 Qa6 18. Qxa6 Rxa6 19. Ng3 Nb6 20. Rb1 Nfd7 21. f4 Bd4+ 22. Kh2 Nc4 23. Re1 a4 24. b3 axb3 25. axb3 Na3 26. Rb2 Bxb2 27. Bxb2 c4 28. bxc4 Nxc4 29. Bd4 Rb8 30. g5 b3 31. f5 b2 32. Bf1 Nd2 0-1

[Event "Hameenlinna We HamSK"]
[White "Vehkalahti, Veli"]
[Black "Koivumaki, Marko"]
[Site "Hameenlinna"]
[Round "3"]
[Result "0-1"]
[Date "2011.??.??"]
[WhiteElo "2028"]
[BlackElo "1843"]
[PlyCount "94"]
[EventDate "2011.??.??"]
[EventType "swiss"]
[EventRounds "5"]
[EventCountry "FIN"]
[SourceTitle "EXT 2022"]
[Source "ChessBase"]
[SourceDate "2021.10.06"]
[SourceVersion "1"]
[SourceVersionDate "2021.10.06"]
[SourceQuality "1"]

1. Nf3 Nf6 2. d4 c5 3. e3 e6 4. Bd3 Nc6 5. 0-0 b6 6. c4 d5 7. cxd5 Nxd5 8. e4 Nc7 9. d5 Nb4 10. Bc4 b5 11. dxe6 Bxe6 12. Bxe6 Nxe6 13. Qe2 Qd3 14. Qxd3 Nxd3 15. Nc3 a6 16. b3 0-0-0 17. Be3 Bd6 18. Rad1 Bf4 19. Nd5 Bxe3 20. fxe3 Nb4 21. Ne5 Ng5 22. Nxb4 Rxd1 23. Rxd1 cxb4 24. Nc6 Nxe4 25. Nxb4 a5 26. Nc6 Nc3 27. Rd2 Re8 28. Rd3 Nxa2 29. Na7+ Kc7 30. Nxb5+ Kb6 31. Nd6 Re6 32. Nc4+ Kb5 33. e4 Kb4 34. Nd2 Nc3 35. Kf2 Nxe4+ 36. Nxe4 Rxe4 37. g3 Re7 38. Kf3 Rc7 39. Kg4 Rc3 40. Rd7 Kxb3 41. Rxf7 a4 42. Rxg7 Rc4+ 43. Kf5 a3 44. Rxh7 a2 45. Ra7 Ra4 46. Rxa4 Kxa4 47. g4 a1Q 0-1

[Event "Loimaa We LoimSK"]
[White "Koivumaki, Marko"]
[Black "Pelto, Juho"]
[Site "Loimaa"]
[Round "1"]
[Result "0-1"]
[Date "2010.??.??"]
[WhiteElo "1820"]
[BlackElo "2012"]
[PlyCount "102"]
[EventDate "2010.??.??"]
[EventType "swiss"]
[EventRounds "5"]
[EventCountry "FIN"]
[SourceTitle "EXT 2022"]
[Source "ChessBase"]
[SourceDate "2021.10.06"]
[SourceVersion "1"]
[SourceVersionDate "2021.10.06"]
[SourceQuality "1"]

1. c4 e5 2. Nc3 Nc6 3. g3 f5 4. Bg2 Nf6 5. e3 Bb4 6. Qb3 Bxc3 7. bxc3 0-0 8. Ne2 d6 9. c5+ d5 10. d4 e4 11. 0-0 Ne5 12. Qc2 Nc4 13. Rb1 c6 14. Qd1 Qe8 15. Bd2 g5 16. Kh1 Qg6 17. Rc1 Qh5 18. Rc2 Be6 19. Kg1 Rf7 20. Nc1 Qg6 21. Nb3 Rg7 22. Bc1 Nh5 23. f3 Nf6 24. Rcf2 Rf7 25. fxe4 fxe4 26. Qe1 Raf8 27. Nd2 Qh5 28. Rxf6 Rxf6 29. Rxf6 Rxf6 30. Nxc4 dxc4 31. Bxe4 Rh6 32. Qd2 Bd5 33. Bxd5+ cxd5 34. e4 dxe4 35. Qxg5+ Qxg5 36. Bxg5 Re6 37. Kf2 Kf7 38. Ke3 Ke8 39. Bf4 Kd7 40. Be5 Ra6 41. Kxe4 Rxa2 42. h4 Kc6 43. Bd6 Re2+ 44. Kf3 Re1 45. Kf2 Rc1 46. g4 Rxc3 47. h5 Rh3 48. Kg2 Rh4 49. Kg3 Rh1 50. Kg2 Re1 51. Kg3 Re4 0-1

[Event "Heart of Finland op 18th"]
[White "Anttila, Perttu"]
[Black "Koivumaki, Marko"]
[Site "Jyvaskyla"]
[Round "5"]
[Result "1-0"]
[Date "2008.07.14"]
[WhiteElo "2103"]
[BlackElo "1835"]
[PlyCount "49"]
[EventDate "2008.07.12"]
[EventType "swiss"]
[EventRounds "9"]
[EventCountry "FIN"]
[SourceTitle "CBM 125 Extra"]
[Source "ChessBase"]
[SourceDate "2008.09.01"]
[SourceVersion "1"]
[SourceVersionDate "2008.09.01"]
[SourceQuality "1"]

1. d4 d6 2. e4 Nf6 3. Nc3 g6 4. f4 Bg7 5. a3 0-0 6. Nf3 c5 7. dxc5 dxc5 8. Bd3 Nc6 9. h3 a6 10. Be3 b6 11. Bc4 e6 12. e5 Qxd1+ 13. Rxd1 Nd7 14. Ne4 Rd8 15. Nd6 Na5 16. Ba2 Nb7 17. Nxf7 Kxf7 18. Ng5+ Ke7 19. Nxe6 Bh6 20. Bf2 Rh8 21. Bh4+ Kf7 22. Nc7+ Kg7 23. Nxa8 Bxf4 24. Rxd7+ Bxd7 25. Bf6+ 1-0

[Event "Heart of Finland op 18th"]
[White "Aijala, Jouko"]
[Black "Koivumaki, Marko"]
[Site "Jyvaskyla"]
[Round "1"]
[Result "1-0"]
[Date "2008.07.12"]
[WhiteElo "2157"]
[BlackElo "1835"]
[PlyCount "71"]
[EventDate "2008.07.12"]
[EventType "swiss"]
[EventRounds "9"]
[EventCountry "FIN"]
[SourceTitle "CBM 125 Extra"]
[Source "ChessBase"]
[SourceDate "2008.09.01"]
[SourceVersion "1"]
[SourceVersionDate "2008.09.01"]
[SourceQuality "1"]

1. c4 d6 2. g3 e5 3. Bg2 Nc6 4. Nc3 f5 5. d3 Nf6 6. Nf3 Be7 7. 0-0 0-0 8. Rb1 Rb8 9. b4 Qe8 10. b5 Nd8 11. Qa4 Ra8 12. Qc2 Ne6 13. Ba3 f4 14. Nd5 fxg3 15. hxg3 Bd8 16. Ne3 Qh5 17. c5 d5 18. c6 Re8 19. g4 Qh6 20. Nf5 Qf4 21. Rb4 e4 22. dxe4 Nxe4 23. Ne3 N6c5 24. Qd1 bxc6 25. bxc6 Bxg4 26. Nxd5 Qd6 27. Rd4 Qxc6 28. Qc2 Qb5 29. Rb1 Qa5 30. Bb4 Qa6 31. Bxc5 Nxc5 32. Qxc5 Qxa2 33. Nc3 Qe6 34. Re4 Qf7 35. Rxe8+ Qxe8 36. Qd5+ 1-0